NBA 2k Cover Athletes - Statistics

General Stats
  • This quiz has been taken 404 times
  • The average score is 20 of 26
Answer Stats
Game Cover Athlete % Correct
NBA 2k14 Lebron James
91%
NBA 2k17 Legend Edition Kobe Bryant
89%
NBA 2k10 Kobe Bryant
89%
ESPN 2k4 Allen Iverson
87%
NBA 2k3 Allen Iverson
87%
NBA 2k4 Allen Iverson
87%
NBA 2k1 Allen Iverson
87%
NBA 2k Allen Iverson
87%
NBA 2k16 Legend Edition Michael Jordan
87%
NBA 2k12 Michael Jordan
87%
NBA 2k11 Michael Jordan
87%
NBA 2k7 Shaquille O'Neal
87%
NBA 2k6 Shaquille O'Neal
87%
NBA 2k15 Kevin Durant
86%
NBA 2k13 Kevin Durant
86%
NBA 2k16 Stephen Curry
84%
NBA 2k17 Paul George
77%
NBA 2k16 James Harden
72%
NBA 2k16 Anthony Davis
66%
NBA 2k8 Chris Paul
60%
NBA 2k13 Derrick Rose
60%
NBA 2k9 Kevin Garnett
58%
NBA 2k13 Blake Griffin
50%
ESPN 2k5 Ben Wallace
47%
NBA 2k12 Larry Bird
43%
NBA 2k12 Magic Johnson
43%
No matching quizzes found
Score Distribution
Percent of People with Each Score
Percentile by Number Answered
Your Score History
You have not taken this quiz